000 00663nam a2200205 a 4500
001 0828
005 20140414131847.0
008 040930s19uu xx 00 eng d
020 _a1-58105-578-1
050 _aM 861
_bAd1 2000
100 _aAda, Alma Flor
245 _aLaughing crocodiles (Poetry B) /
_cAlma Flor Ada, F. Isabel Campoy ; illustrated by Claudia de Teresa, et al.
260 _aMiami, Florida :
_bSantillana USA,
_c2000.
300 _a32 p. : ill. ; cm.
440 _aPoetry
500 _aContents: Latinos--Puerto Rico--Cuba--Guatemala--Mexico--Hispanic folklore.
650 _aHispanic-Americans.
650 _aPoetry.
999 _c109970
_d109970